Velada celebrada el 25 de Marzo de 1908 para conmemorar el primer centenario del nacimiento del insigne poeta extremeño D. José de Espronceda. (Record no. 146028)

MARC details
000 -LEADER
campo de control de longitud fija 00538nam a2200157 i 4500
001 - NÚMERO DE CONTROL
campo de control 146028
003 - IDENTIFICADOR DE NÚMERO DE CONTROL
campo de control ES-MaACL
005 - FECHA Y HORA DE LA ÚLTIMA TRANSACCIÓN
campo de control 20230906201406.0
007 - CAMPO FIJO DE DESCRIPCIÓN FÍSICA--INFORMACIÓN GENERAL
campo de control de longitud fija t|
008 - DATOS DE LONGITUD FIJA--INFORMACIÓN GENERAL
campo de control de longitud fija 071018s1908 sp ||||1| spa d
245 00 - MENCIÓN DEL TÍTULO
Título Velada celebrada el 25 de Marzo de 1908 para conmemorar el primer centenario del nacimiento del insigne poeta extremeño D. José de Espronceda.
260 ## - PUBLICACIÓN, DISTRIBUCIÓN, ETC.
Lugar de publicación, distribución, etc. Mérida :
Nombre del editor, distribuidor, etc. [s.n.],
Fecha de publicación, distribución, etc. 1908 (
Fabricante Joaquín Soler)
300 ## - DESCRIPCIÓN FÍSICA
Extensión 18 p. ;
Dimensiones 31 cm.
500 ## - NOTA GENERAL
Nota general Prec. al tít.: Liceo de Mérida.
852 ## - LOCALIZACIÓN
Ubicación ES-MaACL
Número de control de estantería T-1177-F-11
Holdings
Estatus retirado Estado de pérdida Estado de daño No para préstamo Colección Biblioteca de origen Biblioteca actual Ubicación en estantería Fecha de adquisición Fuente de adquisición Total de préstamos Signatura topográfica completa Código de barras Visto por última vez Precio de reemplazo Tipo de ítem Koha
        Colección de folletos Biblioteca del Ateneo de Madrid Biblioteca del Ateneo de Madrid Depósito folletos 17/01/2008     T-1177-F-11 1152421 23/02/2023 23/02/2023 Folleto